000 00538nam a2200181Ia 4500
008 190427s9999 xx 000 0 und d
100 _aAhn, Junyoung
245 _aComparison of Mobile Web Browser for Smartphones/
245 _cJunyoung Ahn, Kyungdoh Kim, and Robert W. Proctor.--
260 _bTaylor and Francis Group
260 _c2018
300 _apages 10-18, 2018
440 _aJournal of Computer Inforamation System
_v58(1)
650 _aiPhone
650 _aMobile
650 _aSmartPhone
650 _aWeb Browser
999 _c361707
_d361707